| 000 | 00510nam a2200169Ia 4500 | ||
|---|---|---|---|
| 003 | IN-BaIIA | ||
| 008 | 211028s9999 xx 000 0 eng d | ||
| 040 | _cIIA Library | ||
| 080 |
_a52(083) _bSTR |
||
| 100 |
_aStruve, Otto _91244 |
||
| 245 | 0 |
_aTabulae quantitatum besselianaum 1840-1864 _cEdidit Otto StruveĀ |
|
| 260 |
_aPetropoli _bTypis Academiae Imperialis Scientiarum Petropolitanae _c1861 |
||
| 300 | _axvii, 201p. | ||
| 650 | _aAstronomy and Astrophysics Thesaurus | ||
| 650 | _aTables | ||
| 942 | _cBK | ||
| 999 |
_c1199 _d1199 |
||